Sports Quiz

Random Sports or NHL Quiz

NHL Top Scorers (2000s) Quiz Stats

 Plays Quiz Updated Oct 29, 2018

     
Support Sporcle.
Go Orange.
Score 0/50 Timer 11:00
2 Plays Today
Rank Player % Correct
2.Jaromir Jagr
81.9%
1.Joe Thornton
77.5%
6.Joe Sakic
75.2%
3.Jarome Iginla
72.5%
16.Martin St. Louis
67.7%
21.Teemu Selanne
64.2%
15.Mike Modano
63.4%
9.Mats Sundin
62%
25.Ilya Kovalchuk
61.4%
29.Dany Heatley
61.2%
8.Vincent Lecavalier
60.8%
20.Nicklas Lidström
60.7%
4.Daniel Alfredsson
59.2%
37.Pavel Datsyuk
58.7%
22.Paul Kariya
54.4%
32.Patrick Marleau
53.8%
5.Marian Hossa
51.9%
28.Brad Richards
50.1%
11.Patrik Elias
47.7%
7.Markus Naslund
47.3%
26.Brendan Shanahan
42.9%
14.Mark Recchi
42.6%
10.Alex Kovalev
41.6%
19.Scott Gomez
39.6%
13.Milan Hejduk
38.1%
Rank Player % Correct
23.Shane Doan
37.8%
12.Marc Savard
37.8%
42.Todd Bertuzzi
37.7%
34.Keith Tkachuk
36.3%
31.Chris Drury
36.3%
43.Sergei Fedorov
35.7%
35.Ryan Smyth
32.1%
46.Olli Jokinen
31.2%
44.Bill Guerin
30.6%
27.Robert Lang
30.4%
38.Doug Weight
30.2%
41.Jason Arnott
27.9%
18.Alex Tanguay
27.6%
45.Sergei Gonchar
26.5%
24.Ray Whitney
23%
30.Miroslav Satan
22.6%
17.Pavol Demitra
20.2%
49.Vyacheslav Kozlov
17.8%
39.Petr Sykora
17.6%
47.Steve Sullivan
16.1%
48.Brian Rolston
14.5%
50.Michael Nylander
14.1%
36.Vaclav Prospal
12.6%
33.Andrew Brunette
12.2%
40.Daymond Langkow
11.5%

From the Vault

Chess Pieces (Redux)

by 31415926535

Gaming 30s
Apparently putting Monopoly tokens on the board in place of pawns is considered bad form.
Remove Ads.
Support Sporcle.
Get the best of Sporcle when you Go Orange. This ad-free experience offers more features, more stats, and more fun while also helping to support Sporcle. Thank you for becoming a member.

Show Comments

Extras

Top Quizzes Today


Score Distribution

Your Account Isn't Verified!

In order to create a playlist on Sporcle, you need to verify the email address you used during registration. Go to your Sporcle Settings to finish the process.

Report this User

Report this user for behavior that violates our Community Guidelines.

Details: